|
|
|
|
| LEADER |
00000nam0a2200000 4500 |
| 001 |
193658 |
| 005 |
20231101224514.0 |
| 035 |
|
|
|a (RuTPU)RU\TPU\book\211203
|
| 035 |
|
|
|a RU\TPU\tpu\3769
|
| 090 |
|
|
|a 193658
|
| 100 |
|
|
|a 20110325d1965 k u0rusy50 ca
|
| 101 |
0 |
|
|a rus
|
| 102 |
|
|
|a RU
|
| 105 |
|
|
|a a z 000zy
|
| 200 |
1 |
|
|a О затрате мощности на преодоление аэродинамических сопротивлений элементов котлоагрегата
|e [оттиск статьи]
|f И. К. Лебедев
|
| 210 |
|
|
|a Минск
|d 1965
|
| 215 |
|
|
|a С. 101-105
|c ил.
|
| 225 |
1 |
|
|a Известия высших учебных заведений. Энергетика
|v № 9
|
| 316 |
|
|
|5 63413507: ШкА2/4149
|a На обложке дарственная надпись: "Научно-технической библиотеке ТПИ от автора. И. К. Лебедев. 23.03.66 г."
|
| 316 |
|
|
|5 63413507: ШкА2/4148
|a На обложке дарственная надпись: "НТБ. От автора. 23/III.66 г."
|
| 320 |
|
|
|9 572
|a Библиогр.: с. 105
|
| 606 |
1 |
|
|a Котлоагрегаты
|x Тепловой расчет
|2 stltpush
|3 (RuTPU)RU\TPU\subj\16044
|9 42235
|
| 610 |
1 |
|
|a коллекция ТПУ
|
| 610 |
1 |
|
|a труды учёных ТПУ
|
| 610 |
1 |
|
|a оттиски
|
| 610 |
1 |
|
|a дарственные надписи
|
| 610 |
1 |
|
|a дары автора
|
| 610 |
1 |
|
|a дары библиотеке
|
| 610 |
1 |
|
|a трубчатые воздухонагреватели
|
| 610 |
1 |
|
|a экономайзеры
|
| 610 |
1 |
|
|a коэффициенты
|
| 610 |
1 |
|
|a теплотехника
|
| 675 |
|
|
|a 621.18.016
|v 3
|
| 700 |
|
1 |
|a Лебедев
|b И. К.
|c российский ученый
|c энергетик
|c профессор Томского политехнического института
|f 1911-1995
|g Иван Кириллович
|2 stltpush
|3 (RuTPU)RU\TPU\pers\19832
|
| 801 |
|
0 |
|a RU
|b 63413507
|c 20011210
|g PSBO
|
| 801 |
|
2 |
|a RU
|b 63413507
|c 20200702
|g PSBO
|
| 942 |
|
|
|c BK
|